[Event "Sparkassen-Open A"]
[Site "Heusenstamm, Martinsee"]
[Date "2023.11.24"]
[Round "6.109"]
[White "Meyer-Jany, Marcel"]
[Black "Althaus, Lennart"]
[Result "1/2-1/2"]
[WhiteElo "1876"]
[BlackElo "1711"]
[PlyCount "71"]
[EventDate "2024.11.21"]
[WhiteTeam "SK Herborn 1946"]
[BlackTeam "TV-Großostheim 1900 e.V."]

1. d4 d5 2. c4 c6 3. Nc3 Nf6 4. Nf3 e6 5. e3 Be7 6. Qc2 Nbd7 7. b3 O-O 8. Bd3 Bb4 9. Bb2 c5 10. O-O cxd4 11. exd4 Qc7 12. a3 dxc4 13. bxc4 Bxc3 14. Bxc3 b6 15. a4 Ba6 16. Bb4 Rfc8 17. Rac1 e5 18. dxe5 Nxe5 19. Nxe5 Qxe5 20. Bc3 Qg5 21. Bxf6 Qxf6 22. Bxh7+ Kf8 23. Bd3 Rc5 24. Rfe1 Rac8 25. Re4 b5 26. axb5 Bxb5 27. Qe2 Bc6 28. Re3 Bd5 29. Qh5 Be6 30. Qe2 Qf4 31. Re1 Qb8 32. Rb1 Qc7 33. Re1 Qc6 34. Re5 Rxe5 35. Qxe5 Qd6 36. Bf1 1/2-1/2

[Event "Sparkassen-Open A"]
[Site "Heusenstamm, Martinsee"]
[Date "2023.11.24"]
[Round "6.110"]
[White "Weidemann, Max"]
[Black "Sejdovic, Cemal"]
[Result "1/2-1/2"]
[WhiteElo "1556"]
[BlackElo "1861"]
[PlyCount "101"]
[EventDate "2024.11.21"]
[WhiteTeam "Vorw.Orient Mainz"]
[BlackTeam "SK 1959 Bischofsheim"]

1. e4 Nc6 2. Nf3 g6 3. d4 Bg7 4. Nc3 d6 5. Bc4 Bg4 6. Be3 e6 7. Qd2 Bxf3 8. gxf3 Qf6 9. O-O-O O-O-O 10. Bg5 Qxd4 11. Qe2 Qb6 12. Bxd8 Bxc3 13. bxc3 Kxd8 14. Qe3 Qxe3+ 15. fxe3 Ne5 16. Be2 Ne7 17. Kd2 f5 18. f4 N5c6 19. Bd3 fxe4 20. Bxe4 d5 21. Bd3 Kc8 22. h4 Na5 23. Ke2 c5 24. Kd2 c4 25. Be2 Nf5 26. Rdg1 b6 27. h5 gxh5 28. Rxh5 Nd6 29. Bf3 Nab7 30. Rg7 a5 31. Rhxh7 Rxh7 32. Rxh7 Nc5 33. Kc1 Kd8 34. Bg2 Nf5 35. Kd2 Ne7 36. Bf3 Kd7 37. Rh8 Kc7 38. Rh7 Kd6 39. Rh8 Kd7 40. Rh7 Kd6 41. Rh8 Nc6 42. Rh6 Ne7 43. Bg4 Kd7 44. Kc1 a4 45. a3 Ng8 46. Rg6 Ne7 47. Rh6 Nc8 48. Rh7+ Kd6 49. Rh6 Ne7 50. Rf6 Kd7 51. Rh6 1/2-1/2

[Event "Sparkassen-Open A"]
[Site "Heusenstamm, Martinsee"]
[Date "2023.11.24"]
[Round "6.111"]
[White "Ghaznavi, Massoud"]
[Black "Mehlen, Theodor"]
[Result "0-1"]
[WhiteElo "1637"]
[BlackElo "1850"]
[PlyCount "130"]
[EventDate "2024.11.21"]
[WhiteTeam "SV Oberursel"]
[BlackTeam "SC Matt im Park Ffm"]

1. c4 Nf6 2. Nc3 e6 3. e4 d5 4. cxd5 exd5 5. e5 Ne4 6. Nxe4 dxe4 7. Qa4+ Bd7 8. Qxe4 Bc6 9. Qe3 Be7 10. d4 O-O 11. Bd2 Bd5 12. a3 Nd7 13. b4 a5 14. Rc1 axb4 15. axb4 Ra4 16. Rb1 Qa8 17. Nf3 Nb6 18. Be2 Nc4 19. Qc3 Nxd2 20. Qxd2 Be4 21. Rb2 Ra1+ 22. Bd1 Qa6 23. b5 Qb6 24. O-O Rd8 25. Qe3 Bd5 26. Be2 Rxf1+ 27. Kxf1 Bxf3 28. Bxf3 Rxd4 29. Qc3 Ra4 30. Rb3 Bc5 31. Qd3 Bd4 32. Rb1 g6 33. Bd1 Ra2 34. Bc2 Bxf2 35. Bb3 Ra8 36. Bxf7+ Kxf7 37. Qf3+ Kg7 38. Qf6+ Qxf6 39. exf6+ Kxf6 40. Kxf2 Ra5 41. h4 h6 42. Rb4 Ke5 43. Kf3 Ra3+ 44. Kf2 c6 45. bxc6 bxc6 46. g3 Rd3 47. Rb8 Rd6 48. Ke3 Kd5 49. g4 Kc4 50. Rf8 c5 51. Rh8 g5 52. hxg5 hxg5 53. Ke4 Rf6 54. Rh1 Rf4+ 55. Ke3 Rxg4 56. Rc1+ Kb5 57. Rb1+ Rb4 58. Rf1 g4 59. Rf5 Rb3+ 60. Kf2 Rf3+ 61. Rxf3 gxf3 62. Kxf3 Kb4 63. Ke2 Kb3 64. Kd3 c4+ 65. Kd2 Kb2 0-1

[Event "Sparkassen-Open A"]
[Site "Heusenstamm, Martinsee"]
[Date "2023.11.24"]
[Round "6.112"]
[White "Hebauf, Markus"]
[Black "Fernandez Egea, Andres"]
[Result "0-1"]
[WhiteElo "1696"]
[BlackElo "1828"]
[PlyCount "54"]
[EventDate "2024.11.21"]
[WhiteTeam "Sfr.1932 Kelkheim"]
[BlackTeam "SF Frankfurt 1921"]

1. d4 Nf6 2. c4 e5 3. dxe5 Ne4 4. Nf3 d6 5. Qd5 f5 6. exf6 Nxf6 7. Bg5 Nxd5 8. Bxd8 Nb4 9. Bxc7 Nc2+ 10. Kd2 Nxa1 11. Bxb8 Rxb8 12. Nc3 Be7 13. e3 O-O 14. Be2 Nb3+ 15. axb3 Bf6 16. h3 a6 17. Bd3 b5 18. Ne4 Bxb2 19. Nxd6 Bd7 20. Ke2 Rf6 21. Ne4 Rh6 22. Nc5 Be8 23. g4 a5 24. Ne4 bxc4 25. bxc4 Bc6 26. h4 Bxe4 27. Bxe4 a4 0-1

[Event "Sparkassen-Open A"]
[Site "Heusenstamm, Martinsee"]
[Date "2023.11.24"]
[Round "6.114"]
[White "Doering, Janno"]
[Black "Moldenhauer, Lennart"]
[Result "1/2-1/2"]
[WhiteElo "1813"]
[BlackElo "1784"]
[PlyCount "59"]
[EventDate "2024.11.21"]
[WhiteTeam "SK Bingen"]
[BlackTeam "SV Oberursel"]

1. Nf3 g6 2. d4 Bg7 3. c4 d6 4. Nc3 Bg4 5. h3 Bxf3 6. exf3 e6 7. Be2 Ne7 8. O-O O-O 9. Be3 Nf5 10. Qd2 Nc6 11. d5 Ncd4 12. Bd1 Nxe3 13. fxe3 Nf5 14. Bc2 Qh4 15. dxe6 fxe6 16. Bxf5 gxf5 17. f4 a6 18. Rae1 Rf6 19. e4 fxe4 20. Rxe4 Bh6 21. Qd4 Raf8 22. f5 Qh5 23. Rg4+ Bg7 24. Ne4 Rg6 25. Rxg6 hxg6 26. f6 Bh8 27. f7+ Rxf7 28. Nf6+ Rxf6 29. Rxf6 Bxf6 30. Qxf6 1/2-1/2

[Event "Sparkassen-Open A"]
[Site "Heusenstamm, Martinsee"]
[Date "2023.11.24"]
[Round "6.115"]
[White "Zarriess, Benjamin"]
[Black "Manasek, Martin"]
[Result "1/2-1/2"]
[WhiteElo "1751"]
[BlackElo "1656"]
[PlyCount "52"]
[EventDate "2024.11.21"]
[WhiteTeam "Hamburg"]
[BlackTeam "SC Flörsheim 1921"]

1. e4 c6 2. d4 d5 3. exd5 cxd5 4. Bd3 Nf6 5. h3 e6 6. Nf3 Bd6 7. O-O O-O 8. Re1 Qc7 9. Qe2 a6 10. Ne5 b5 11. Nd2 Nfd7 12. Qh5 Nf6 13. Qh4 h6 14. Ndf3 Be7 15. g4 Ne4 16. g5 Nc6 17. Bxe4 Nxe5 18. dxe5 dxe4 19. Qxe4 Bb7 20. Qg4 Bxf3 21. Qxf3 hxg5 22. c3 Rad8 23. Be3 Rd5 24. Bd4 f5 25. Qh5 Qc8 26. Kh2 Qe8 1/2-1/2